Eastern Utah Libraries Catalog: Duchesne, Heber, Roosevelt, & Vernal

Scalpers (Record no. 297728)

MARC details
000 -LEADER
fixed length control field 02069pim a2200457 a 4500
001 - CONTROL NUMBER
control field rcw90000435
003 - CONTROL NUMBER IDENTIFIER
control field CtWfDGI
005 - DATE AND TIME OF LATEST TRANSACTION
control field 20200320202704.0
007 - PHYSICAL DESCRIPTION FIXED FIELD--GENERAL INFORMATION
fixed length control field sd fungnnmmned
008 - FIXED-LENGTH DATA ELEMENTS--GENERAL INFORMATION
fixed length control field 150312s2015 mdunnnn f n eng d
020 ## - INTERNATIONAL STANDARD BOOK NUMBER
International Standard Book Number 9781490681382
028 01 - PUBLISHER NUMBER
Publisher number CW0435
Source Recorded Books
040 ## - CATALOGING SOURCE
Original cataloging agency CtWfDGI
Language of cataloging eng
Transcribing agency CtWfDGI
050 14 - LIBRARY OF CONGRESS CALL NUMBER
Classification number PS3553.O766
Item number S28 2015c
082 04 - DEWEY DECIMAL CLASSIFICATION NUMBER
Classification number 813/.54
Edition number 23
098 14 - OTHER CLASSIFICATION SCHEMES (OCLC)
Call number based on other classification scheme V
-- COTT
-- SCA
-- G 35
100 1# - MAIN ENTRY--PERSONAL NAME
Personal name Cotton, Ralph W.
9 (RLIN) 40592
245 10 - TITLE STATEMENT
Title Scalpers
Medium [sound recording] /
Statement of responsibility, etc Ralph Cotton.
250 ## - EDITION STATEMENT
Edition statement Unabridged.
260 ## - PUBLICATION, DISTRIBUTION, ETC. (IMPRINT)
Place of publication, distribution, etc Prince Frederick, MD :
Name of publisher, distributor, etc Recorded Books,
Date of publication, distribution, etc p2015.
300 ## - PHYSICAL DESCRIPTION
Extent 6 sound discs (6 hr., 30 min.) :
Other physical details digital ;
Dimensions 4 3/4 in.
490 0# - SERIES STATEMENT
Series statement Western audio
500 ## - GENERAL NOTE
General note Title from container.
511 0# - PARTICIPANT OR PERFORMER NOTE
Participant or performer note Narrated by George Guidall.
500 ## - GENERAL NOTE
General note Compact disc.
500 ## - GENERAL NOTE
General note In container (17 cm.).
520 ## - SUMMARY, ETC.
Summary, etc Arizona Territory Ranger Sam Burrack rides the border badlands to Iron Point hoping to capture escaped prisoner Ozzie Cord, a mercenary who killed a sheriff back to Mesa Grande. But as Sam nears his prey, the trail of scalped bodies makes it clear that someone else has a vendetta. By all appearances, Turner 'Big Foot' Pridemore, leaders of the scalpers, has driven away the desert Apaches and ousted the law. But he's missing sin son, Fox, who has allied himself with Ozzie Cord and is staging his own bloody rampage.
650 #0 - SUBJECT ADDED ENTRY--TOPICAL TERM
Topical term or geographic name as entry element Burrack, Sam (Fictitious character)
Form subdivision Fiction.
9 (RLIN) 5695482
650 #0 - SUBJECT ADDED ENTRY--TOPICAL TERM
Topical term or geographic name as entry element Sheriffs
Form subdivision Fiction.
9 (RLIN) 5674214
650 #0 - SUBJECT ADDED ENTRY--TOPICAL TERM
Topical term or geographic name as entry element Apache Indians
Form subdivision Fiction.
9 (RLIN) 5688562
650 #0 - SUBJECT ADDED ENTRY--TOPICAL TERM
Topical term or geographic name as entry element Outlaws
Form subdivision Fiction.
9 (RLIN) 5675109
651 #0 - SUBJECT ADDED ENTRY--GEOGRAPHIC NAME
Geographic name West (U.S.)
Form subdivision Fiction.
9 (RLIN) 5710689
655 #7 - INDEX TERM--GENRE/FORM
Genre/form data or focus term Western stories.
Source of term gsafd
9 (RLIN) 5934314
655 #7 - INDEX TERM--GENRE/FORM
Genre/form data or focus term Audiobooks.
Source of term lcgft
9 (RLIN) 5934315
700 1# - ADDED ENTRY--PERSONAL NAME
Personal name Guidall, George.
Relator code nrt
9 (RLIN) 37324
710 2# - ADDED ENTRY--CORPORATE NAME
Corporate name or jurisdiction name as entry element Recorded Books, LLC.
9 (RLIN) 5674251
942 ## - ADDED ENTRY ELEMENTS (KOHA)
Koha item type CD
945 ## - LOCAL PROCESSING INFORMATION (OCLC)
c (OCoLC)0930624322
948 ## - LOCAL PROCESSING INFORMATION (OCLC); SERIES PART DESIGNATOR (RLIN)
Series part designator, SPT (RLIN) 03/01/2017
z (OCLC) Sirsi
996 ## -
-- 138564
-- 34301001487281
-- CD
-- CD
-- wcl
-- i
-- 2
-- 72.75
-- .CIRCNOTE. 6 discs
-- recordedbook
-- Cot
-- 03/01/2017
-- 05/16/2018
-- 05/01/2018
Holdings
Withdrawn status Lost status Source of classification or shelving scheme Materials specified (bound volume or other part) Damaged status Not for loan Collection code Home library Current library Shelving location Date acquired Source of acquisition Cost, normal purchase price Total Checkouts Full call number Barcode Date last seen Date checked out Cost, replacement price Price effective from Koha item type
    Dewey Decimal Classification .CIRCNOTE. 6 discs     Audiobooks Wasatch County Library Wasatch County Library Second Floor 03/01/2017   72.75 3 CD Cot 34301001487281 03/07/2024 10/13/2021 72.75 03/20/2020 Audiobook on CD
This project was made possible through a grant from the Institute of Museum and Library Service administered by the Utah State Library Division.

Wasatch County Library

  • 465 East 1200 South, Heber City, Utah 84032
  • Phone 435-654-1511 | Fax 435-654-6456

Hours

  • Monday - Friday 9:30 AM - 8:00 PM
  • Saturday 9:30 AM - 1:30 PM
  • Closed Sundays and Holidays